Benfica: Highest Transfers - Statistics

General Stats
  • This quiz has been taken 46 times
    40 since last reset
  • The average score is 17 of 26
Answer Stats
Club Season Amount Player Name % Correct
Liverpol 22/23 80M Darwin Nuñez
97%
Atlético Madrid 19/20 127M João Félix
97%
Chelsea 22/23 121M Enzo Fernandez
95%
Manchester City 20/21 71M Rúben Dias
92%
Manchester City 17/18 40M Ederson
84%
Bayern Munich 16/17 35M Renato Sanches
84%
PSG 16/17 30M Gonçalo Guedes
78%
Barcelona 17/18 36M Nélson Semedo
78%
Zenit St. Petersburg 12/13 40M Axel Witsel
73%
Wolverhampton 19/20 40M Raúl Jiménez
73%
Real Madrid 11/12 30M Fábio Coentrão
68%
Manchester United 17/18 35M Victor Lindelof
68%
Real Madrid 10/11 33M Ángel Di María
62%
Chelsea 10/11 25M David Luiz
62%
Chelsea 13/14 25M Nemanja Matic
57%
Atlético Madrid 16/17 25M Nicolás Gaitán
57%
Espanyol 19/20 22,50M Raúl de Tomás
57%
Eintracht Frankfurt 19/20 22M Luka Jovic
54%
Valência 15/16 30M Rodrigo
51%
Chelsea 10/11 22M Ramires
49%
Guangzhou Evergrande 18/19 19M Anderson Talisca
46%
Valência 15/16 20M André Gomes
46%
Atlético Madrid 07/08 20M Simão
46%
Liverpool 14/15 25M Lazar Markovic
43%
Valência 14/15 25M Enzo Pérez
41%
Manchester City 12/13 20M Javi García
38%
No matching quizzes found
Score Distribution
Percent of People with Each Score
Percentile by Number Answered
Your Score History
You have not taken this quiz since the last reset